000 00413nam a2200181Ia 4500
001 16850
005 20260306170341.0
008 260306t2001||||xx |||||||||||||| ||und||
041 _aESP
082 _a657.044
_bZ55C T. 1
100 _aZeballos Zeballos, Erly
_eAUT
245 0 _aContabilidad práctica I
260 _c2001
300 _a
_c
650 _aGEN
654 _aCCO
942 _cLIB
_dJUS
_fJUS
_2ddc
_n
999 _c16850
_d16850